Využití modelu BGM při řízení úrokového rizika v českém prostředí v období po finanční krizi

Popis správania sa modelu BGM v obdobiach, ktoré sú charakteristické rôznou mierou likviditného a kreditného rizika, rovnako ako regulácia trhu.

Salvato in:
Dettagli Bibliografici
Autore principale: Cíchová Králová, Dana
Natura: Capitolo di libro
Lingua:ceco
Soggetti:
Tags: Aggiungi Tag
Nessun Tag, puoi essere il primo ad aggiungerne!!

MARC

LEADER 00000naa a2200000 4500
001 0209813
005 20231207125915.2
041 0 |a cze 
044 |a CZ 
245 1 0 |a Využití modelu BGM při řízení úrokového rizika v českém prostředí v období po finanční krizi  |c Dana Cíchová Králová 
520 |a Popis správania sa modelu BGM v obdobiach, ktoré sú charakteristické rôznou mierou likviditného a kreditného rizika, rovnako ako regulácia trhu. 
610 2 0 |a kríza finančná 
610 2 0 |a miera úroková 
610 2 0 |a Česko 
610 2 0 |a trh finančný 
610 2 0 |a likvidita 
610 2 0 |a riziko finančné 
610 2 0 |a riziko bankové 
610 2 0 |a riziko úverové 
100 1 |a Cíchová Králová, Dana